000 01641cam a2200349 a 4500
001 2962582
003 ARRUPE
005 20131127133804.0
008 910226s1992 nyu b 001 0 eng
010 _a 91050227
020 _a0679737316 (alk. paper) :
_c$11.50 ($14.50 Can.)
040 _aDLC
_cDLC
_dDLC
043 _an-us---
050 0 0 _aE457.92
_b1991
100 1 _aLincoln, Abraham,
_d1809-1865.
_94220
240 1 0 _aWorks.
_kSelections.
_f1991
245 1 0 _aSelected speeches and writings /
_cby Abraham Lincoln.
250 _a1st Vintage Books, Library of America ed.
260 _aNew York :
_bVintage Books,
_c1992.
300 _axxvii, 515 p. ;
_c21 cm.
440 4 _aThe Library of America
_94221
500 _aThe texts are selected from The collected works of Abraham Lincoln, edited by Roy Basler, c1953 and its supplement, c1974, and annotated by Don E. Fehrenbacher.
500 _a"Originally published in hardcover, in two separate volumes, by the Library of America, 1989"--T.p. verso.
504 _aIncludes bibliographical references (p. 480-496) and index.
610 2 0 _aRepublican Party (U.S. : 1854- )
_xHistory
_y19th century.
_94222
651 0 _aUnited States
_xPolitics and government
_y1857-1861.
_94223
651 0 _aUnited States
_xPolitics and government
_y1861-1865.
_94224
856 4 2 _3Publisher description
_uhttp://www.loc.gov/catdir/description/random048/91050227.html
906 _a7
_bcbc
_corignew
_d1
_eocip
_f19
_gy-gencatlg
942 _2lcc
_cMONOGRAPH
999 _c118782
_d118782